000 00483pab a2200169 454500
008 180718b2008 xxu||||| |||| 00| 0 eng d
100 _aFielding, David
245 _aCows and conquistadors: a contribution on the colonial origins of comparative development
260 _c2008
300 _ap.1081-099.
362 _aSep
650 _aEconomic and social development
700 _aTorres, Sebastian
773 _aJournal of Development Studies
908 _aN
909 _a80078
999 _c80078
_d80078